Ley reglamentaria de las fracciones I y II del artículo 105 de la Constitución Política de los Estados Unidos Mexicanos (Record no. 117881)

MARC details
000 -LEADER
fixed length control field 01224nam a22002777a 4500
005 - DATE AND TIME OF LATEST TRANSACTION
control field 20240702092821.0
008 - FIXED-LENGTH DATA ELEMENTS--GENERAL INFORMATION
fixed length control field 160708b1998 mx ||||| |||| 001 0 spa d
020 ## - INTERNATIONAL STANDARD BOOK NUMBER
International Standard Book Number 9687896051 (Colección de Investigaciones)
020 ## - INTERNATIONAL STANDARD BOOK NUMBER
International Standard Book Number 9687896086 (Clave de la obra)
050 04 - LIBRARY OF CONGRESS CALL NUMBER
Classification number KGF2698.A351917
Item number B66 1998
110 2# - MAIN ENTRY--CORPORATE NAME
Corporate name or jurisdiction name as entry element México
240 00 - UNIFORM TITLE
Uniform title Leyes y códigos
245 10 - TITLE STATEMENT
Title Ley reglamentaria de las fracciones I y II del artículo 105 de la Constitución Política de los Estados Unidos Mexicanos
Remainder of title : tematizada y concordada : texto vigente, proceso legislativo, jurisprudencia y tesis aisladas
Statement of responsibility, etc / compilación, concordancias y notas Miguel Bonilla López y Jesús B. Guinto López.
250 ## - EDITION STATEMENT
Edition statement 1a ed.
260 ## - PUBLICATION, DISTRIBUTION, ETC. (IMPRINT)
Place of publication, distribution, etc México :
Name of publisher, distributor, etc Instituto de la Judicatura Fedeal,
Date of publication, distribution, etc 1998
300 ## - PHYSICAL DESCRIPTION
Extent xv, p. ;
Dimensions 22 cm.
490 0# - SERIES STATEMENT
Series statement Investigaciones ;
Volume number/sequential designation 2
500 ## - GENERAL NOTE
General note Texto vigente
504 ## - BIBLIOGRAPHY, ETC. NOTE
Bibliography, etc Incluye índice
610 14 - SUBJECT ADDED ENTRY--CORPORATE NAME
Corporate name or jurisdiction name as entry element Constitución Política de los Estados Unidos Mexicanos
General subdivision Remedios constitucionales
650 #7 - SUBJECT ADDED ENTRY--TOPICAL TERM
Source of heading or term lemb
Topical term or geographic name as entry element Revisión judicial
Geographic subdivision México
650 #7 - SUBJECT ADDED ENTRY--TOPICAL TERM
Topical term or geographic name as entry element Tribunales constitucionales
Geographic subdivision México
700 1# - ADDED ENTRY--PERSONAL NAME
Personal name Bonilla López, Miguel,
Relator term copilador
700 1# - ADDED ENTRY--PERSONAL NAME
Personal name Guinto López, Jesús B.,
Relator term copilador
942 ## - ADDED ENTRY ELEMENTS (KOHA)
Source of classification or shelving scheme Biblioteca del Cogreso de los Estados Unidos
Koha item type Libro
Holdings
Estado de pérdida Fuente de clasificación Estado del daño No para préstamo Ubicación permanente Ubicación actual Apartado o colección Fecha de adquisición Edición Enumeración de Serie / Cronológica Área del conocimiento Clasificación Código de Barras Date last seen Número de copia Costo por reposición Tipo de recurso
  Biblioteca del Cogreso de los Estados Unidos     Biblioteca de la Facultad de Derecho y Ciencias Sociales "Felipe J. Tena" Biblioteca de la Facultad de Derecho y Ciencias Sociales "Felipe J. Tena" Consulta 08/07/2016 1a ed. BFD000007817 Ciencias Sociales y Administrativas KGF2698.A351917 B66 1998 BFD000007817 08/07/2016 1 1.00 Libro